| 000 | 01398pam a2200349 a 4500 | ||
|---|---|---|---|
| 001 | 4982138 | ||
| 003 | SISC | ||
| 005 | 20160406075946.0 | ||
| 008 | 980918s1999 mnua c b 001 0 eng | ||
| 010 | _a 98046142 | ||
| 020 | _a0736801774 | ||
| 040 |
_aDLC _cDLC _dDLC |
||
| 042 | _alcac | ||
| 050 | 0 | 0 |
_aHD 1379 _b.Q56 1999 |
| 082 | 0 | 0 | _a333.33/023/73 |
| 100 | 1 |
_aQuinlan, Kathryn A. _910223 |
|
| 245 | 1 | 0 |
_aReal estate sales agent / _cby Kathryn A. Quinlan ; consultant: Jean Wussow. |
| 260 |
_aMankato, Minn : _bCapstone High/Low Books, _cc1999. |
||
| 300 |
_a48 p. : _bill. ; _c23 cm. |
||
| 490 | 1 | _aCareers without college | |
| 504 | _aIncludes bibliographical references (p. 44) and index. | ||
| 520 | _aDescribes the education and training requirements, duties, salary, employment outlook, and possible future positions of real estate agents. | ||
| 650 | 0 |
_aReal estate business _xVocational guidance _xJuvenile literature. _910224 |
|
| 650 | 0 |
_aReal estate agents _xJuvenile literature. _910225 |
|
| 650 | 1 |
_aReal estate agents. _910226 |
|
| 650 | 1 |
_aVocational guidance. _92038 |
|
| 700 | 1 |
_aWussow, Jean. _910227 |
|
| 830 | 0 |
_aCareers without college (Mankato, Minn.) _910228 |
|
| 906 |
_a7 _bcbc _corignew _d1 _eocip _f19 _gy-gencatlg |
||
| 942 |
_2lcc _cBK |
||
| 999 |
_c8561 _d8561 |
||